00381 a2200109 4500020001500000082001600015100002200031245012100053260005500174300002600229650001600255 a0309094232 a363.125 MOR aMorris, Joseph R. aImproving Road Safety in Developing Countries Opportunities for U. S. Cooperation and Engagement /cJoseph R. Morris aWashington :bTransportation Research Board,c2006 a52p. :bill. ;c30 cm aRoad safety